000 00757nam a22002057a 4500
008 161004b xxu||||| |||| 00| 0 eng d
020 _a0787938947
050 _aLB 3060.83 .T83 1998
100 _aTucker, Marc S.
245 _aStandards for our schools :
_bhow to set them ,measure them and reach them/
_cMarc S. Tucker and Judy B. Codding
250 _a1st ed.
260 _aSan Francisco :
_bJossey-Bass Publishers ,
_cc1998.
300 _axiii, 349p. :
_bill. ;
500 _aincludes index.
650 _aEducation
_xstandards
_zUnited States
650 _aEducational accountability
_zUnited States
650 _aAcademic achievement
_zUnited States
700 _aCodding, Judy B.
942 _2lcc
_cBOOKS
_hLB 3060.83 .T83 1998
999 _c14563
_d14563